<?xml version="1.0" encoding="UTF-8"?><?xml-stylesheet type="text/xsl" href="static/style.xsl"?><OAI-PMH xmlns="http://www.openarchives.org/OAI/2.0/" xmlns:xsi="http://www.w3.org/2001/XMLSchema-instance" xsi:schemaLocation="http://www.openarchives.org/OAI/2.0/ http://www.openarchives.org/OAI/2.0/OAI-PMH.xsd"><responseDate>2026-06-05T15:30:47Z</responseDate><request verb="GetRecord" identifier="oai:riuma.uma.es:10630/26672" metadataPrefix="marc">https://riuma.uma.es/rest/oai/request</request><GetRecord><record><header><identifier>oai:riuma.uma.es:10630/26672</identifier><datestamp>2026-02-03T11:51:13Z</datestamp><setSpec>com_10630_2254</setSpec><setSpec>col_10630_37959</setSpec></header><metadata><record xmlns="http://www.loc.gov/MARC21/slim" xmlns:dcterms="http://purl.org/dc/terms/" xmlns:doc="http://www.lyncode.com/xoai" xmlns:xsi="http://www.w3.org/2001/XMLSchema-instance" xsi:schemaLocation="http://www.loc.gov/MARC21/slim http://www.loc.gov/standards/marcxml/schema/MARC21slim.xsd">
   <leader>00925njm 22002777a 4500</leader>
   <datafield ind2=" " ind1=" " tag="042">
      <subfield code="a">dc</subfield>
   </datafield>
   <datafield ind2=" " ind1=" " tag="720">
      <subfield code="a">Pérez-Ramos, Mª Dolores</subfield>
      <subfield code="e">author</subfield>
   </datafield>
   <datafield ind2=" " ind1=" " tag="260">
      <subfield code="c">2023</subfield>
   </datafield>
   <datafield ind2=" " ind1=" " tag="520">
      <subfield code="a">Más allá de Sylow, están Hall y Carter con sus correspondientes subgrupos, conocidos por sus nombres respectivos. Y más allá está Gaschütz, quien de forma sorprendente dio una visión conjunta de todos ellos con sus envolturas y proyectores, asociados a clases de grupos. Pero es sólo en el universo de los grupos finitos resolubles donde estas extensiones de Sylow alcanzan toda su potencia y belleza.  Por otra parte, las envolturas de Gaschütz recuperan los subgrupos de Carter como subgrupos nilpotentes maximales, pero pierden el sabor de su definición original como subgrupos nilpotentes autonormalizantes. En esta charla, presentamos una generalización de los subgrupos de Carter en grupos π-separables, π un conjunto de primos, que corre paralela a la conocida extensión de Čunihin de los teoremas de Hall en grupos π-separables, cuando se prefija el conjunto de primos π, que es consistente con las envolturas y los proyectores de Gaschütz y que preserva su sabor atendiendo a su definición original.</subfield>
   </datafield>
   <datafield ind1="8" ind2=" " tag="024">
      <subfield code="a">https://hdl.handle.net/10630/26672</subfield>
   </datafield>
   <datafield tag="653" ind2=" " ind1=" ">
      <subfield code="a">Grupos finitos</subfield>
   </datafield>
   <datafield ind2="0" ind1="0" tag="245">
      <subfield code="a">Más allá de Sylow.</subfield>
   </datafield>
</record>
</metadata></record></GetRecord></OAI-PMH>